Mughal Nobility Under Auragzeb. (Record no. 8097)

MARC details
000 -LEADER
fixed length control field 00590nam a2200241 a 4500
020 ## - INTERNATIONAL STANDARD BOOK NUMBER
ISBN 0210475
082 00 - DEWEY DECIMAL CLASSIFICATION NUMBER
Classification number 954.0258
Author Cutter ALI
100 ## - MAIN ENTRY--AUTHOR NAME
Author name Ali, M Athar
245 ## - TITLE STATEMENT
Title Mughal Nobility Under Auragzeb.
260 ## - PUBLICATION, DISTRIBUTION, ETC. (IMPRINT)
Place of publication Bombay
Name of publisher Asia Pub. House
Year of publication 1970
300 ## - PHYSICAL DESCRIPTION
Number of Pages 294p
500 ## - GENERAL NOTE
General note includes index and biblioraphy
505 2# - FORMATTED CONTENTS NOTE
Formatted contents note Index
650 ## - SUBJECT ADDED ENTRY--TOPICAL TERM
Topical Term Mughal India-Aurangzeb
942 ## - ADDED ENTRY ELEMENTS (KOHA)
Koha item type Books
700 1# -
-- Ali, M Athar
Holdings
Collection code Home library Current library Date acquired Cost, normal purchase price Full call number Accession Number Koha item type
  Henry Martyn Institute Library Henry Martyn Institute Library 04/04/2007 40.00 954.0258 ALI 013533 Books
                   Copyright © 2026 | Henry Martyn Institute | Hyderabad | TS-500052 | INDIA | Implemented by hmi.edu.in
Hit-Count:

Powered by Koha